| 000 | 00439pab a2200157 454500 | ||
|---|---|---|---|
| 008 | 180718b2005 xxu||||| |||| 00| 0 eng d | ||
| 100 | _aAmuedo-Dorantes, Catalina | ||
| 245 | _aWork contracts ad earnings inequality: the case of Chile | ||
| 260 | _c2005 | ||
| 300 | _ap.589-616. | ||
| 362 | _aMay | ||
| 650 | _aIncome distribution - Chile | ||
| 650 | _aIncome distribution | ||
| 773 | _aJournal of Development Studies | ||
| 909 | _a65321 | ||
| 999 |
_c65321 _d65321 |
||